| 000 | 01081nam a22002657a 4500 | ||
|---|---|---|---|
| 003 | PE SENCICO BE | ||
| 005 | 20251020182651.0 | ||
| 008 | 240129b |||||||| |||| 00| 0 eng d | ||
| 040 |
_aPE SENCICO BE _cPE SENCICO BE |
||
| 041 | _aspa | ||
| 084 |
_aI _aDIS _a2018 _bC26 |
||
| 100 | 1 |
_91916 _aCárdenas Paz, Mario Kewin _eautor |
|
| 245 | 1 |
_aDiseño interior de las oficinas Ishop / _cMario Kewin Cárdenas Paz |
|
| 260 |
_aLima : _c2018 |
||
| 300 |
_a2 v. : _bil. col., tabls. ; _c30 x 40 cm. |
||
| 500 | _aTexto en dos volúmenes. El volumen 2 contiene planos (30 x 40 cm.). | ||
| 502 | _aMonografía de Titulación.-- Servicio Nacional de Capacitación para la Industria de la Construcción. Escuela Superior Técnica. Carrera Profesional Técnica en Diseño de Interiores, 2018 | ||
| 650 | 1 | 0 |
_944 _aDiseño de interiores |
| 650 | 2 | 0 |
_9239 _aMuebles |
| 650 | 2 | 0 |
_96 _aOficinas |
| 650 | 2 | 0 |
_9349 _aErgonomía |
| 710 | 1 |
_aServicio Nacional de Capacitación para la Industria de la Construcción. _bEscuela Superior Técnica _91065 |
|
| 910 |
_bhfp _chfp |
||
| 942 | _cMON | ||
| 999 |
_c4534 _d4534 |
||